Monaco pour les touristes... - Facile - Statistiques

Statistiques générales
  • Ce quiz a été pris 101 fois
  • Le résultat moyen est 14 sur 20
Statistiques - réponses
Question Indice Réponses Indice facile % Correct
Quelle est la langue officielle ? Français F
99%
Quelles autres langues sont répandues ? I Italien I
94%
Quelle est la monnaie ? Euro E
93%
La conduite se fait à droite ou à gauche ? Droite
92%
Dans la capitale y-a-t-il un décalage horaire avec Paris ? (oui/non) Non
92%
Combien de communes compte le pays ? 1
88%
Achats à faire 3/ Pierre rouge Rubis BURIS
88%
La vitesse est limitée dans tout le pays à {50} km/h
84%
Quelles autres langues sont répandues ? A Anglais A
81%
Achats à faire 1/ Chaussons en... Cuir RIUC
74%
Le taux d'alcoolémie toléré au volant est de {0.5} g/l
73%
Quelles sont les principaux sites touristiques ? P Palais {princier} CRINIERP
73%
Quelles sont les principaux sites touristiques ? MC Quartier de {Monte Carlo} CALMERONTO
73%
Le suffixe internet est mc
66%
Quelles sont les principaux sites touristiques ? O Musée {océanographique} ANAPHORIQUECEGO
56%
La religion majoritaire est Catholicisme C
55%
Quelles sont les principaux sites touristiques ? R Quartier du {Rocher} CHORER
52%
Quelles sont les principaux sites touristiques ? C Casino NOCAIS
50%
Quelles sont les principaux sites touristiques ? E Jardin {exotique} OXEQUITE
43%
Achats à faire 2/ Bijoux en filigrane d' Ohrid RIDOH
2%
Aucun quiz correspondant
Distribution des résultats
% des personnes avec chaque résultat
Percentile par nombre de réponses
Votre historique - résultats
Vous n’avez pas pris ce quiz